Cristianismo y revolución /
Compilación de escritos de Camilo Torres Restrepo (1929-1966), sacerdote y sociólogo colombiano quien dedicó su vida al servicio de los demás, sobre todo de los más pobres; fue uno de los iniciadores de la Teología de la Liberación y, viendo que su predicación como sacerdote y su enseñanza como soci...
Bewaard in:
| Hoofdauteur: | |
|---|---|
| Andere auteurs: | , , |
| Formaat: | Boek |
| Taal: | Spaans |
| Gepubliceerd in: |
México :
Era,
1970, c1970
|
| Reeks: | (El Hombre y su Tiempo)
|
| Onderwerpen: | |
| Tags: |
Geen labels, Wees de eerste die dit record labelt!
|
MARC
| LEADER | 00000nam^a2200000^a^4500 | ||
|---|---|---|---|
| 001 | 000380483 | ||
| 005 | 20250521000000.0 | ||
| 009 | 20260310120604.988 | ||
| 037 | |a Acervo Xavier Clavigero | ||
| 041 | |a ESP | ||
| 082 | |a 261. 7 |b TOR | ||
| 100 | |a Torres, Camilo |e (autor) | ||
| 245 | 1 | 0 | |a Cristianismo y revolución / |c C. Torres ; pról., compilac. y notas de O. Maldonado, G. Oliviéri, G. Zabala. |
| 264 | 4 | |a México : |b Era, |c 1970, c1970 | |
| 300 | |a 611 p. | ||
| 336 | |a texto |b txt |2 rdacontenido | ||
| 337 | |a sin mediación |b n |2 rdamedio | ||
| 338 | |a volumen |b nc |2 rdasoporte | ||
| 440 | 4 | |a (El Hombre y su Tiempo) | |
| 520 | |a Compilación de escritos de Camilo Torres Restrepo (1929-1966), sacerdote y sociólogo colombiano quien dedicó su vida al servicio de los demás, sobre todo de los más pobres; fue uno de los iniciadores de la Teología de la Liberación y, viendo que su predicación como sacerdote y su enseñanza como sociólogo no bastaban para cambiar las estructuras de injusticia de su país, decidió tomar las armas en el Ejército de Liberación Nacional, considerando que no había otro camino posible. Murió a manos del ejército contrarrevolucionario. | ||
| 561 | |a Ex libris manuscrito de Juan Luis Orozco, S.J., ejemplar 1 | ||
| 561 | |a Ex libris de Biblioteca Juniorado San José | ||
| 561 | |a Ex libris de Instituto de Literatura Puente Grande, Jal. | ||
| 649 | |a XX | ||
| 650 | |a Revolucionarios Colombianos | ||
| 650 | |a Políticos Colombianos | ||
| 650 | |a Ministros Religiosos Colombianos | ||
| 650 | |a Sociólogos Colombianos | ||
| 650 | |a Iglesia Católica en Colombia | ||
| 650 | |a Iglesia y Problemas Sociales - |z Colombia | ||
| 650 | |a Izquierda, La - |z Colombia | ||
| 650 | |a Comunismo - |z Colombia | ||
| 650 | |a Represión - |z Colombia | ||
| 650 | |a Asesinato Político - |z Colombia | ||
| 650 | |a Violencia Política - |z Colombia | ||
| 650 | |a Guerrilla - |z Colombia | ||
| 650 | |a Revolución - |z Colombia - |x Tema Principal | ||
| 650 | |a Movimientos Sociales - |z Colombia | ||
| 650 | |a Teología de la Liberación - |z Colombia | ||
| 650 | |a Teología Social - |z Colombia | ||
| 650 | |a Cristianismo y Sociedad - |z Colombia - |x Tema Principal | ||
| 650 | |a Política y Religión - |z Colombia - |x Tema Principal | ||
| 650 | |a Política - |z Colombia - |x Historia - |y 1958-1974 | ||
| 650 | |a Colombia - |x Historia - |y 1958-1974 | ||
| 650 | |a Torres, Camilo - |x Tema Principal | ||
| 700 | |a Maldonado, Oscar |e (compilación) | ||
| 700 | |a Oliviéri, Guitemie |e (compilación) | ||
| 700 | |a Zabala, Germán |e (compilación) | ||
| 910 | |a Fondo General | ||
| 920 | |a Impresos - Libros | ||
| 930 | |a Colección General | ||
| 905 | |a 101 | ||
| 901 | |a 006101 |b IT1 |c ACC |u 20250521 | ||
| 901 | |a 003874 |b IT1 |c ACC |u 20250521 | ||
| 902 | |a https://opac.biblio.iteso.mx/vufind/Record/000380483 | ||